000 00550ntaaa2200181 4500
003 01
005 20251027202445.0
008 0714s1973 ag 01
040 _aAR-BaBN
_bspa
_cAR-BaBN
_eaacr
_dRIC
082 _a266.0690 F63
100 _aFletcher, Jesse C.
_91832
245 _aJourneyman missionary
250 _a1 ed.
260 _aNashville :
_bBroadman Press,
_cc1967
300 _a128 p.
500 _ahistoria del programa misionero de "Journeyman" - jovenes comisionados para dos aƱos de servicio misionero en el extranjero.
942 _cBK
999 _c19560
_d19560